KOHA-Header-6

General, Organic and Biological Chemistry(Structures of Life) (Record no. 13055)

000 -LEADER
fixed length control field 00327nam a22001337a 4500
020 ## - INTERNATIONAL STANDARD BOOK NUMBER
ISBN 9781292096193
082 ## - DEWEY DECIMAL CLASSIFICATION NUMBER
Classification number 540
100 ## - MAIN ENTRY--AUTHOR NAME
Personal name Karen C.Timberlake
245 ## - TITLE STATEMENT
Title General, Organic and Biological Chemistry(Structures of Life)
250 ## - EDITION STATEMENT
Edition statement 5th Edition
260 ## - PUBLICATION, DISTRIBUTION, ETC. (IMPRINT)
Place of publication USA
Name of publisher Pearson
Year of publication 2016
300 ## - PHYSICAL DESCRIPTION
Number of Pages 960 Pages
942 ## - ADDED ENTRY ELEMENTS (KOHA)
Koha item type Books
Holdings
Withdrawn status Lost status Collection code Permanent Location Current Location Shelving location Date acquired Full call number Accession Number Koha item type
    Bio Sciences MAJU MAJU Shelf No.A37 2021-05-19 540 10153 Bio Science

Powered by Koha